William Zabka Filmography - Statistics

General Stats
  • This quiz has been taken 3 times
  • The average score is 6 of 32
Answer Stats
Hint Answer % Correct
1986 Back to School
100%
1984 The Karate Kid
100%
1986 The Karate Kid Part II
100%
1989 The Karate Kid Part III
100%
2010 Hot Tub Time Machine
50%
1993 Shootfighter: Fight to the Death
50%
1996 Shootfighter II
50%
2001 Ablaze
0%
1987 A Tiger's Tale
0%
2007 Cake: A Wedding Story
0%
2002 Descent Into Darkness
0%
1986 Dreams of Gold: The Mel Fisher Story
0%
2001 Epoch
0%
2001 Falcon Down
0%
1991 For Parents Only
0%
1997 High Voltage
0%
1999 Interceptor Force
0%
1985 Just One of the Guys
0%
2002 Landspeed
0%
2010 Mean Parents Suck
0%
2001 Mindstorm
0%
1985 National Lampoon's European Vacation
0%
1989 Protect and Surf
0%
2000 Python
0%
2007 Smiley Face
0%
2007 Starting From Scratch
0%
2015 The Dog Who Saved Summer
0%
2016 The Man in the Silo
0%
1996 To the Ends of time
0%
1994 Unlawful Passage
0%
2014 Where Hope Grows
0%
2004 Wild Roomies
0%
No matching quizzes found
Score Distribution
Percent of People with Each Score
Percentile by Number Answered
Your Score History
You have not taken this quiz